ბათუმის შოთა რუსთაველის სახელმწიფო უნივერსიტეტის ბიბლიოთეკა

Технология и организация строительства водопроводно-канализационных соружений. (ბიბ.ჩანაწერი № 37348)

000 -LEADER
fixed length control field 00800nam a2200217Ia 4500
001 - CONTROL NUMBER
control field 3307
003 - CONTROL NUMBER IDENTIFIER
control field GE_BSU
008 - FIXED-LENGTH DATA ELEMENTS--GENERAL INFORMATION
fixed length control field 181216s||||||||xx |||||||||||||| ||und||
040 ## - CATALOGING SOURCE
Transcribing agency GE_BSU
080 ## - UNIVERSAL DECIMAL CLASSIFICATION NUMBER
Universal Decimal Classification number 628.147.1(075.8)+65
100 ## - MAIN ENTRY--PERSONAL NAME
Personal name Бородин,И.В
245 ## - TITLE STATEMENT
Title Технология и организация строительства водопроводно-канализационных соружений.
245 ## - TITLE STATEMENT
Remainder of title Учебник.
245 ## - TITLE STATEMENT
Statement of responsibility, etc. Ред.из-ва Н.А.Быстровская.
260 ## - PUBLICATION, DISTRIBUTION, ETC.
Place of publication, distribution, etc. М.
260 ## - PUBLICATION, DISTRIBUTION, ETC.
Name of publisher, distributor, etc. Стройиздат.
260 ## - PUBLICATION, DISTRIBUTION, ETC.
Date of publication, distribution, etc. 1969.
300 ## - PHYSICAL DESCRIPTION
Extent 375стр.илл.
653 ## - INDEX TERM--UNCONTROLLED
Uncontrolled term Технология и организация строительства водопроводно-канализационных соружений.
942 ## - ADDED ENTRY ELEMENTS (KOHA)
Koha item type წიგნი
ეგზემპლარები
Withdrawn status Lost status Damaged status Not for loan Date acquired Barcode Date last seen Price effective from Koha item type
        2018-12-17 8682 2018-12-17 2018-12-17 წიგნი